000
00271nam a2200097Ia 4500
001
1065859
005
20250827001741.0
008
250824s9999 xx 000 0 und d
245
0
_a
MONTESSORİ YÖNTEMİYLE ÇOCUK EĞİTİMİ
_c
ERİMAN TOPBAŞ
260
_b
PANAMA YAYINLARI
999
_c
1065859
_d
1065859